Australian National Parks - Map Quiz - Statistics

General Stats
  • This quiz has been taken 43 times
  • The average score is 11 of 30
Answers on the Map
Answers color-coded by a green-red scale on the quiz's map according to % correct below.
 
Answer Stats
Answer % Correct
Uluru-Kata Tjuta
78%
Kakadu
72%
Kosciuszko
72%
Daintree
66%
Grampians
59%
Alpine
56%
Ikara-Flinders Ranges
53%
Royal
53%
Cradle Mountain-Lake St Clair
50%
Dandenong Ranges
50%
Kati Thanda-Lake Eyre
50%
Great Otway
44%
Lamington
41%
Litchfield
38%
Bribie Island
34%
Freycinet
34%
Great Sandy
34%
Barrington Tops
31%
Franklin-Gordon Wild Rivers
31%
Coorong
22%
Fitzgerald River
22%
Warrumbungle
22%
Leeuwin-Naturaliste
19%
Mitchell River
19%
Namadgi
19%
Sturt
19%
Cape Range
16%
Crater Lakes
13%
Kutini-Payamu
13%
Purnululu
13%
No matching quizzes found
Score Distribution
Percent of People with Each Score
Percentile by Number Answered
Your Score History
You have not taken this quiz